Piano Today (Record n. 99340)

Dettagli MARC
000 -LEADER
fixed length control field 03399njm a2200541Ia 4500
001 - CONTROL NUMBER
control field C6550
003 - CONTROL NUMBER IDENTIFIER
control field IT-RoPAU
005 - DATE AND TIME OF LATEST TRANSACTION
control field 20220918181115.0
008 - FIXED-LENGTH DATA ELEMENTS--GENERAL INFORMATION
fixed length control field 131025s9999 xx 000 0 und d
040 ## - CATALOGING SOURCE
Original cataloging agency IT-RoPAU
040 ## - CATALOGING SOURCE
Transcribing agency IT-RoPAU
999 ## - SYSTEM CONTROL NUMBERS (KOHA)
Koha Dewey Subclass [OBSOLETE] n.d.
100 ## - MAIN ENTRY--PERSONAL NAME
Personal name AA.VV.
9 (RLIN) 794
100 ## - MAIN ENTRY--PERSONAL NAME
Relator term Autore musica
9 (RLIN) 30217
100 ## - MAIN ENTRY--PERSONAL NAME
Miscellaneous information Codice autore musica SPICS: 12000
9 (RLIN) 796
245 ## - TITLE STATEMENT
Title Piano Today
250 ## - EDITION STATEMENT
Edition statement 2a ed.
260 ## - PUBLICATION, DISTRIBUTION, ETC. (IMPRINT)
Place of publication, distribution, etc. MILANO
260 ## - PUBLICATION, DISTRIBUTION, ETC. (IMPRINT)
Name of publisher, distributor, etc. RUSCONI
Date of publication, distribution, etc. 1994 [1a Ed.:0]
300 ## - PHYSICAL DESCRIPTION
Extent COMPACT DISC
300 ## - PHYSICAL DESCRIPTION
Dimensions 72 minuti (Testo: 0 pag.)
500 ## - GENERAL NOTE
General note Musica jazz. Cd fuori commercio allegato al n. 11 1994 della rivista "Musica jazz"
505 ## - FORMATTED CONTENTS NOTE
Formatted contents note Trinkle Tinkle [(Perugia, 14 luglio 1986) (Sphere) (12:00)] - Theme For Red [(Bologna, 28 marzo 1985) (Walton Cedar) (6:00)] - Dark Days [(New York, 13 novembre 1986) (Watson Bobby) (7:00)] - Song For Leslie (Bologna, 1 marzo 1980) (Mathews Ronnie) (6:00)] - Locomotif n. 1 [(Milano, 7 giugno 1978) (Davis Anthony) (4:00)] - State of Affairs [(New York, 12 gennaio 1991) (Snidero Jim) (8:00)] - Focus [(Bologna, 6 dicembre 1977) (Williams James) (5:00)] - Black Nile [(New York, 19 maggio 1988) (Hersch Fred) (6:00)] - Late Night Blue [(Milano, maggio 1989) (Bley Paul) (3:00)] - On the Brink [(Boston, 15 ottobre 1989) (Bergonzi Jerry) (11:00)] - Tears Inside [(New York, 25 maggio 1994) (Melillo Mike) (7:00)]
511 ## - PARTICIPANT OR PERFORMER NOTE
Participant or performer note Rouse Charlie: ten; Barron Kenny: p; Williams Buster: cb; Riley Ben: batt
511 ## - PARTICIPANT OR PERFORMER NOTE
Participant or performer note Walton Cedar: p; Williams David: cb; Higgins Billy: batt
511 ## - PARTICIPANT OR PERFORMER NOTE
Participant or performer note Watson Bobby: alto; Hicks John: p; Lundy Curtis: cb; Smith Marvin: batt; Bobby Watson Quartet
511 ## - PARTICIPANT OR PERFORMER NOTE
Participant or performer note Mathews Ronnie: p; Drummond Ray: cb; Washington Kenny: batt
511 ## - PARTICIPANT OR PERFORMER NOTE
Participant or performer note Davis Anthony: p
511 ## - PARTICIPANT OR PERFORMER NOTE
Participant or performer note Snidero Jim: alto; Green Benny: p; Washington Peter: cb; Reedus Tony: batt; Jim Snidero Quartet
511 ## - PARTICIPANT OR PERFORMER NOTE
Participant or performer note Williams James: p; Irwin Dennis: cb
511 ## - PARTICIPANT OR PERFORMER NOTE
Participant or performer note Hersch Fred: p; La Spina Steve: cb; Hirshfield Jeff: batt
511 ## - PARTICIPANT OR PERFORMER NOTE
Participant or performer note Bley Paul: p
511 ## - PARTICIPANT OR PERFORMER NOTE
Participant or performer note Bergonzi Jerry: ten; Miller Mulgrew: p; Santoro Dave: cb; Nussbaum Adam: batt
511 ## - PARTICIPANT OR PERFORMER NOTE
Participant or performer note Melillo Mike: p; Moore Michael: cb; Riley Ben: batt
650 ## - SUBJECT ADDED ENTRY--TOPICAL TERM
Topical term or geographic name as entry element JAZZ [COMPACT DISC]
Relator term Codice MATERIA SPICS: 9949
9 (RLIN) 11822
700 ## - ADDED ENTRY--PERSONAL NAME
Personal name Monk Thelonious
Dates associated with a name Codice autore musica SPICS: 10795
Relator term Autore musica
Name of part/section of a work Trinkle Tinkle
9 (RLIN) 30218
700 ## - ADDED ENTRY--PERSONAL NAME
Personal name Walton Cedar
Dates associated with a name Codice autore musica SPICS: 16234
Relator term Autore musica
Name of part/section of a work Theme For Red
9 (RLIN) 30219
700 ## - ADDED ENTRY--PERSONAL NAME
Personal name Watson Bobby
Dates associated with a name Codice autore musica SPICS: 10781
Relator term Autore musica
Name of part/section of a work Dark Days
9 (RLIN) 30220
700 ## - ADDED ENTRY--PERSONAL NAME
Personal name Mathews Ronnie
Dates associated with a name Codice autore musica SPICS: 16242
Relator term Autore musica
Name of part/section of a work Song For Leslie
9 (RLIN) 30221
700 ## - ADDED ENTRY--PERSONAL NAME
Personal name Davis Anthony
Dates associated with a name Codice autore musica SPICS: 42325
Relator term Autore musica
Name of part/section of a work Locomotif n. 1
9 (RLIN) 30222
700 ## - ADDED ENTRY--PERSONAL NAME
Personal name Snidero Jim
Dates associated with a name Codice autore musica SPICS: 42326
Relator term Autore musica
Name of part/section of a work State of Affairs
9 (RLIN) 30223
700 ## - ADDED ENTRY--PERSONAL NAME
Personal name Williams James
Dates associated with a name Codice autore musica SPICS: 16231
Relator term Autore musica
Name of part/section of a work Focus
9 (RLIN) 30224
700 ## - ADDED ENTRY--PERSONAL NAME
Personal name Shorter Wayne
Dates associated with a name Codice autore musica SPICS: 16479
Relator term Autore musica
Name of part/section of a work Black Nile
9 (RLIN) 30225
700 ## - ADDED ENTRY--PERSONAL NAME
Personal name Bley Paul
Dates associated with a name Codice autore musica SPICS: 16208
Relator term Autore musica
Name of part/section of a work Late Night Blue
9 (RLIN) 30226
700 ## - ADDED ENTRY--PERSONAL NAME
Personal name Bergonzi Jerry
Dates associated with a name Codice autore musica SPICS: 42328
Relator term Autore musica
Name of part/section of a work On the Brink
9 (RLIN) 30227
700 ## - ADDED ENTRY--PERSONAL NAME
Personal name Coleman Ornette
Dates associated with a name Codice autore musica SPICS: 10832
Relator term Autore musica
Name of part/section of a work Tears Inside
9 (RLIN) 30228
942 ## - ADDED ENTRY ELEMENTS (KOHA)
Koha item type CD AUDIO
Source of classification or shelving scheme Dewey Decimal Classification
Dati di copia
Withdrawn status Lost status Damaged status Not for loan Home library Current library Date acquired Total Checkouts Full call number Date last seen Price effective from Koha item type Public note
    Buone Condizioni Not For Loan SPICS-MEDIATECA SPICS-MEDIATECA 25/10/2013   C6550 25/10/2013 25/10/2013 CD AUDIO Progr. Ins.: 1415 / N.Vol.: 1 / Copie: 1 - Copia rara: n.d. / date import: 01.01.2014 - By Epidotti, Trombetti, Vaglietti
CREDITS: SOCIETA' SAN PAOLO Via A.Severo, 58 - ROMA (RM) & PERIODICI SAN PAOLO SRL Via Giotto, 36 MILANO & CISF Via Giotto, 36 MILANO & EDIZIONI SAN PAOLO SRL,  Piazza Soncino, 5 CINISELLO BALSAMO (MI) -- ITALY